[Event "E World Cup 2021"]
[Site "Sochi"]
[Date "2021.08.04"]
[Round "8.1"]
[White "Fedoseev, Vladimir"]
[Black "Carlsen, Magnus"]
[Result "0-1"]
[WhiteElo "2700"]
[BlackElo "2847"]
[EventDate "2021.??.??"]
[Annotator "Bojkov,Dejan"]
[PlyCount "82"]
[Beauty "7563168988708"]
[EventType "team-tourn"]
[EventCountry "RUS"]

1.d4 Nf6 2.c4 g6 3.h4 {A frequent Anti-Grunfeld line at the World Cup.} 3...Bg7 4.Nc3 d6 5.e4 Nc6 6.d5 ( {An important game in this tournament saw} 6.Nge2 O-O 7.f3 e5 {Now it is a form of the Saemisch, but with a pawn on h4 in return for the generally more useful Nb8-c6 move. Still, h2-h4 is not bad to have at this setup.} 8.d5 $146 {Shankland is confidently executing his moves, this novelty included.} ( {An earlier game went} 8.Be3 exd4 9.Nxd4 h5 10.Qd2 Re8 11.O-O-O a5 12.Kb1 a4 13.a3 Bd7 14.Nd5 {Ter Sahakyan,S (2640)-Guseinov, G (2665) Online 2020} ) 8...Nd4 9.Be3 ( {Every KID player knows that this pawn is, of course, poisoned:} 9.Nxd4 $2 exd4 10.Qxd4 Nxe4 $1 {wins for Black.} ) 9...c5 {Svidler sacrifices it anyway.} 10.dxc6 bxc6 11.Nxd4 exd4 12.Bxd4 Rb8 {In return for the pawn, Black gets the half-open b-file for his rook and prolongs the diagonal for his dark-squared bishop. His presence in the center becomes more significant too, Shankland,S (2709)-Svidler,P (2714) Sochi 2021.} ) 6...Ne5 7.Be2 h5 {Carlsen is trying to benefit from the h2-h4 move. He secures the position of his centralized knight.} 8.Bf4 $146 {Fedoseev replies with a novelty. This is his way of fighting the knight: by trading it.} ( 8.Bg5 c6 9.Nf3 Nfg4 10.Nxe5 Bxe5 11.Qd2 Qb6 12.Bxg4 hxg4 13.Rc1 Bd7 14.b3 Rc8 {with an approximately balanced game, Adhiban,B (2659)-Starozhilov,L (2318) Chess.com 2020} ) 8...O-O 9.Nf3 Nxf3+ 10.gxf3 ( {Black is OK after the other capture with either} 10.Bxf3 c6 ( {or} 10...Bg4 ) ) 10...c6 11.Qd2 cxd5 12.cxd5 Kh7 {It is important to prevent the swap of this bishop. It might have a bright future...} 13.a4 ( {Fedoseev understandably does not want to castle into an attack:} 13.O-O-O a6 ) 13...Nd7 {But since the white king has remained in the center, Black would be happy to open the files for his pieces.} 14.a5 f5 ( {Carlsen could have also played on the other side with} 14...a6 15.Ra3 ( 15.Be3 b5 16.axb6 Nxb6 ) 15...b5 16.axb6 Nxb6 {but it is far more logical to play on the kingside instead.} ) 15.Ra3 {The rook protects the f3-pawn, while at the same time it is ready to add pressure on the queenside.} ( {In hindsight, the weird-looking} 15.exf5 {might have been a better idea.} ) 15...Ne5 16.Be3 {Black has made a lot of progress and now comes with a brilliant idea.} 16...f4 $3 {Carlsen opens the file, and this is just the beginning.} 17.Bxf4 {White has no choice.} ( {As otherwise he would have to suffer to be free.} 17.Bd4 e6 ) 17...Bd7 {A neat move! Now that the development is finished, Carlsen is ready to occupy the f-file.} ( {The immediate} 17...Rf7 $5 {makes sense as well.} ) ( {And Black, no doubt, was already considering the exchange sacrifice but decided to postpone it for a moment, as in the line} 17...Rxf4 $5 18.Qxf4 Bh6 19.Qg3 Qf8 {the white king might flee with} 20.Kd1 $5 ) 18.Nd1 Rxf4 $3 {Showing a profound understanding of the position and of the game itself.} 19.Qxf4 Bh6 20.Qg3 Qf8 21.Ne3 ( {The computer claims that} 21.Kf1 Bf4 22.Qg1 {is a more resilient defense; however, this should hardly change the assessment of the position.} ) 21...Bf4 22.Qg2 Rc8 23.Rc3 ( {White's position remains too dangerous after} 23.Kd2 Nc4+ 24.Bxc4 Rxc4 ) 23...Rxc3 $1 {Another deep decision. Carlsen has only a bishop for a rook and a pawn but nevertheless trades more pieces? Well, the linear, mathematical model does not work here anymore as the black blockading bishop on f4 is worth more than the opponent's rook on h1 at the moment. Speaking of that rook, it is completely out of the game; therefore, Black needs to swap pieces on the queenside in order to open more room for his queenside attack.} 24.bxc3 Qc8 25.c4 b5 $1 26.axb6 $1 {The only move.} ( {Otherwise, Black wins by force} 26.cxb5 Qc1+ 27.Nd1 ( {Mate is also inevitable in case of} 27.Bd1 Bxb5 ) 27...Qd2+ 28.Kf1 Bxb5 $1 {and mate is inevitable.} ) 26...axb6 27.Qg1 {After this, Fedoseev will be completely helpless until the end.} ( {The computer somehow claims that White can hold after} 27.Kf1 $1 b5 ( {As in the line} 27...Qa8 {the king might get away with} 28.Kg1 $1 ( 28.Qg1 $2 Qa2 $1 ) ) 28.Qg1 bxc4 29.Kg2 Qc5 {eventually bringing his pieces in the game. And even here White has problems surviving.} ) 27...Qa8 $1 28.Kf1 Qa2 {Keeps all the white pieces paralyzed.} 29.Ng2 Qa1+ {This is good enough.} ( {However, there is an instant win with} 29...Qb1+ $1 30.Ne1 b5 $1 31.Kg2 bxc4 ) 30.Ne1 Qb2 31.Ng2 ( {More resilient is} 31.Nd3 $1 Nxd3 32.Bxd3 Qc3 33.Be2 Qc2 34.Rh2 {although it is hard to believe that Black would not have something here too.} ) 31...Qc1+ 32.Ne1 Qd2 {Fedoseev is just waiting, and Carlsen only needs to find some way to bring into the game one more piece.} 33.Qg2 ( {Now it is too late for} 33.Ng2 Nd3 34.Bxd3 Qxd3+ 35.Ke1 Bd2+ 36.Kd1 Ba4# ) 33...Kg7 34.Rg1 ( {White is equally helpless after} 34.Qg1 Kf8 35.Qg2 e6 ) 34...Kf8 35.Qh1 e6 $1 {Aiming to open more space for the bishop.} 36.Rg3 ( {After} 36.dxe6 Bxe6 {and let's say after a waiting strategy} 37.Rg3 {Black can win with the following maneuver:} 37...Ke7 $1 38.Rg1 Kd7 $1 39.Rg3 Kc6 $1 40.Rg1 Kc5 $1 41.Rg3 Kd4 $1 42.Rg1 Kc3 $1 43.Rg3 Qd4 44.Rg1 Kd2 $1 45.Rg3 Qa1 {Finally picking up the frozen knight.} ) 36...exd5 $1 ( {Why allow White a chance to bring his queen out after} 36...Bxg3 37.fxg3 ) 37.exd5 ( {After} 37.cxd5 b5 {the b-passer decides.} ) 37...Bf5 38.Rg1 Kf7 39.Rg3 Nd7 $1 {This piece can also do better!} 40.Rg5 ( {Against the passive defense} 40.Rg1 {Black can win this time with a knight maneuver, for a change:} 40...Nc5 41.Rg3 Nb3 42.Rg1 Nd4 {trapping the bishop for a change too!} ) 40...Bxg5 41.hxg5 Ne5 {And up a pawn and seemingly facing no concrete threats, Fedoseev resigned! There are many ways to finish it, like placing the queen on the first rank, followed by a knight maneuver to the d3-square. A triumph of blockading play and Carlsen's understanding. A contender for the \"Immortal Blockading Game\" award!} 0-1

[Event "Saint Louis Rapid & Blitz"]
[Site "chess24.com"]
[Date "2021.08.11"]
[Round "2.3"]
[White "Le, Quang Liem"]
[Black "Caruana, Fabiano"]
[Result "0-1"]
[WhiteElo "2709"]
[BlackElo "2806"]
[EventDate "2021.??.??"]
[Annotator "Bojkov,Dejan"]
[PlyCount "108"]
[Beauty "6736790423049"]
[EventType "blitz"]

1.d4 Nf6 2.Nf3 d5 3.Bf4 {The London system is a fearsome weapon in the hands of the Vietnamise GM.} 3...e6 4.e3 Bd6 5.Nbd2 c5 {And Caruana cannot complain of practice in the line as well. In this game he decided to choose something more complex.} ( {Earlier this year the American GM equalized after choosing a French set-up against Aronian:} 5...O-O 6.Bd3 c5 7.c3 Bxf4 8.exf4 b6 9.Qe2 a5 10.O-O Ba6 11.Bxa6 Nxa6 12.Ne5 Qd6 13.h4 cxd4 14.cxd4 Rfc8 15.Rfc1 Nb4 16.Ndf3 Nc6 17.Qb5 Qb4 18.Qxb4 Nxb4 {Aronian,L (2781) -Caruana,F (2820) Paris 2021} ) 6.c3 O-O 7.Bg3 b6 {The same idea to swap off his problematic bishop, borrowed by the French defense.} 8.Bd3 Ba6 9.Bxa6 Nxa6 10.Qe2 Nb8 {The knight has done it's job and is now moving towards the optimal square. 10...Nb8 scores better than 10...Nc7 and which should not be surpsing as it is left far away from the central squares.} 11.Ne5 Qc7 12.O-O Nc6 13.f4 {The pawn skeleton has been changed into a reversed Stonewall, where Le is happy with the aggressive position of his bishop, whereas Caruana managed to completely get rid of his weak one.} 13...Ne7 14.Bh4 {[#]} 14...Nd7 $146 {A natural novelty. This knight has a bright future.} ( {In the predecessor Black allowed the doubling of the pawns:} 14...Nf5 15.Bxf6 gxf6 16.Ng4 Be7 17.e4 dxe4 18.Nxe4 Kg7 {And then lost one of them:} 19.Ngxf6 $1 {Kamsky,G (2830)-Storme,I (2515) Chess.com INT 2020} ) 15.Rad1 ( {Nothing yields White the further trade of pieces:} 15.Nxd7 Qxd7 16.Bxe7 Qxe7 17.Nf3 a5 {when Black has clear play on the queenside, but would not mind switching to a central play with f7-f6.} ) ( {More natural seemed:} 15.Rae1 {Intending to meet:} 15...f6 16.Nxd7 Qxd7 {With:} 17.dxc5 bxc5 18.e4 ( {Or:} 18.c4 {with fierce battle for the center and approximate equality.} ) ) 15...cxd4 16.exd4 {Now tha pawn structure has once more transformed, this time into a Carlsbad. The plans of the sides are clear- White wants to mate the opponent on the kingside, whereas Black is looking for a minority attack on the opposite wing.} 16...Nf5 {Therefore Caruana first tames the opponent's initiative on the kingside.} 17.Bf2 Be7 $1 {An important move that opens the road for the black knight.} 18.Nd3 ( {After:} 18.g4 Nd6 19.Rde1 Nf6 {Black seizes the central outpost anyway.} ( {Also good is:} 19...Rae8 $5 ) ) 18...Nf6 19.Rde1 Rae8 $1 {Another important move, which overprotects the e7 bishop, as well as the central pawn. Apparently Caruana wanted to provoke g2-g4.} ( {Otherwise he would have chosen the blockading:} 19...h5 {instead.} ) 20.g4 Nd6 {A black knight will be established in the center and once that the e-file is blocked Caruana may even start playing in the center himself.} 21.Bg3 ( {Black is also fine after:} 21.Bh4 Nfe4 22.Bxe7 Rxe7 {but perhaps it was time for Le to think for ways to equalize.} ) 21...Nfe4 22.Kg2 ( {The neat work that the American GM has done in the previous moves can be demonstrated by the following line:} 22.f5 {This is something that White wants to do anyway:} 22...Nxg3 23.hxg3 exf5 {The Be7 is defended.} 24.gxf5 Bg5 $1 {The black rook on e8 is now a key piece into the counter-attack.} 25.Qg2 Bxd2 26.Qxd2 Nxf5 $1 {Therefore Black can even win with concrete play.} 27.Rxe8 Qxg3+ 28.Kh1 Rxe8 29.Rxf5 Qh3+ ) 22...Nxd2 23.Qxd2 Ne4 {A super-knight was born.} 24.Qd1 Bd6 {Preventing Nd3-f2 for the time being.} 25.g5 {Le is trying to prevent f7-f5.} ( {Nothing chnages:} 25.Rf3 f5 $1 ) ( {Or:} 25.Nf2 f5 {with an edge for Black in both cases.} ) 25...f5 {If the knight is supported once again, White's position will become strategically hopeless.} 26.gxf6 Rxf6 27.Nf2 {The sacrifice of the pawn seems the lesser evil to White.} ( {Otherwise Blakc would ahve been in completely control after:} 27.Ne5 Rf5 28.Qd3 Bxe5 ( {Or perhaps even better:} 28...Rc8 {postponing the trade for the time being.} ) 29.fxe5 Ref8 {and the white bishop is poor.} ) 27...Nxf2 28.Rxf2 Bxf4 29.Rxf4 Rxf4 30.Qe2 ( 30.Rf1 $2 {loses to:} 30...Rxf1 ) ( {However more resilient was:} 30.Qd2 $1 Rg4 31.Kf3 Rxg3+ 32.hxg3 Rf8+ 33.Kg2 Rf6 {The pawn on g3 defends the white king better than in the game.} ) 30...Qf7 31.Bxf4 Qxf4 32.Rf1 Qd6 {Caruana won a pawn and converts the advantage in impeccable way.} ( 32...Qg5+ $5 ) 33.Qh5 Qe7 {First Black consolidates and stops all tactical ideas of his opponent.} 34.Qe5 b5 $1 {It is important to move the pawns away from their starting positions.} 35.Rf3 a6 36.a3 h6 37.h3 Rf8 $1 38.Re3 ( {Or:} 38.Rxf8+ Kxf8 39.Kg3 Qf6 40.Qb8+ {Now it is evident why the pawns have been removed from the seventh rank!} 40...Kf7 41.Qb7+ Qe7 42.Qxa6 Qg5+ 43.Kf2 Qd2+ {with similar consequences as in the game.} ) 38...Kh8 $1 {The best move again.} ( {The other option:} 38...Rf6 {was also intriguing, but things would have been complicated then after:} 39.Qxd5 Rg6+ 40.Kh1 Qf8 $1 41.Qf3 $1 ) 39.Qxe6 Qg5+ {Now a forcing sequence follows.} 40.Rg3 Qd2+ 41.Kh1 Rf1+ 42.Rg1 Rxg1+ 43.Kxg1 Qc1+ 44.Kg2 Qxb2+ 45.Kg1 Qc1+ {Checking if the opponent will go wrong, always a good strategy in the rapid and blitz time-controls!} 46.Kf2 Qd2+ 47.Kf1 {And Le blunder, stepping with the king on a poor square.} ( {The only defense was:} 47.Kg1 {when after:} 47...Qxc3 48.Qxd5 Qg3+ 49.Kf1 Qxh3+ {Black is ahead by a few pawns, but White still has chances of survival by either a perpetual, or thanks to his strong central passer.} ) 47...Qxc3 48.Qxd5 Qc4+ {That is it, the pawns are unstoppable.} 49.Qxc4 bxc4 50.Ke2 g5 51.d5 Kg7 52.Ke3 h5 53.Kd4 g4 54.d6 Kf7 ( {Even geometry works well for Caruana:} 54...Kf7 55.Kc5 ( 55.Kd5 gxh3 $1 ) 55...c3 $1 ) 0-1

[Event "Meltwater Champions Chess Tour Finals"]
[Site "?"]
[Date "2021.09.29"]
[Round "5.4"]
[White "Artemiev, Vladislav"]
[Black "Mamedyarov, Shakhriyar"]
[Result "1-0"]
[WhiteElo "2699"]
[BlackElo "2762"]
[EventDate "2021.??.??"]
[Annotator "Bojkov,Dejan"]
[PlyCount "79"]
[Beauty "7697789359120"]
[EventType "game"]

1.Nf3 Nf6 2.g3 d5 3.Bg2 e6 4.O-O Be7 5.c4 {After a short flirt with the open games against Carlsen, Artemiev returns to his bread and butter—the Reti.} 5...d4 ( {In another recent game of his, the Russian GM fixed an opening advantage after:} 5...O-O 6.b3 c5 7.cxd5 exd5 8.Bb2 Nc6 9.d4 Ne4 10.dxc5 Bxc5 11.Nc3 Nxc3 12.Bxc3 d4 13.Bb2 Bf5 14.Rc1 Qd6 15.b4 Nxb4 16.Nxd4 Bxd4 17.Qxd4 Qxd4 18.Bxd4 {with a hefty bishop pair in an open position, Artemiev, V (2704)-Firouzja,A (2759) Chess24.com INT 2021} ) 6.e3 c5 7.exd4 cxd4 8.Ne5 $5 {It is a reversed Benoni and besides the first move advantage White has one more hidden tempo—the black e-pawn only moved to the sixth rank. Thus, why not play more actively?} 8...Qc7 $146 {Mamedyarov tries to fight the annoying knight at once and does it with a novelty.} ( {Black was not able to equalize in the predecessor neither:} 8...O-O 9.d3 Qc7 10.Re1 Bd6 11.Qe2 Nbd7 12.Bf4 Bxe5 13.Bxe5 Nxe5 14.Qxe5 Qb6 {Due to another typical Benoni maneuver:} 15.Qb5 $1 Qxb5 16.cxb5 {and Black's queenside was under pressure in Svane,R (2613)-Skuhala,J (2342) Chess.com INT 2020} ) 9.Re1 Bd6 10.Qe2 Nbd7 {This is where things really started to go downhill for the Azerbaijani GM.} ( {He might have rejected the obvious:} 10...Nc6 $1 11.Nxc6 bxc6 {Due to the strong:} 12.c5 $1 {Indeed, accepting the sacrifice:} 12...Bxc5 ( {But perhaps Black is not doing that badly after the modest:} 12...Be7 13.b4 O-O ) 13.Qc4 Nd7 14.b4 {leads Black to trouble.} ) 11.Nf3 $3 {Justified both tactically and positonally. The black pieces are stepping on each others' toes, therefore Artemiev does not plan to free them with trades.} ( {Plus White is tactically alert. The obvious:} 11.f4 d3 $1 12.Nxd3 Qxc4 {would have allowed Black an easy play.} ) 11...Qb6 12.Na3 {The d4 pawn is in huge danger, and the white pieces are entering the battle with clear aims.} 12...Bc5 ( {The bishop pair and the half-open b-file would promise White massive advantage in case of:} 12...Bxa3 13.bxa3 O-O 14.d3 ) ( 12...a6 {would have stopped the knight from jumping on b5, but White would still crush the opponent on that side of the board:} 13.Nc2 Bc5 14.b4 $1 ) ( {Perhaps the best practical chance was:} 12...O-O {Although White is better after:} 13.Nb5 ( {Or even the more powerful:} 13.b4 $1 ) 13...Bc5 14.b4 Bxb4 15.Nfxd4 ) 13.d3 {Once more White is tactically alert.} ( 13.Nc2 $2 d3 $1 {would have been a nasty surprise.} ) 13...O-O 14.Bf4 {Practically paralyzing his opponent with natural moves.} ( {It is a tad too early for:} 14.b4 Bxb4 15.Rb1 Qa5 {Although even here, White has tremendous compensation for the exchange after:} 16.Rxb4 Qxb4 17.Nxd4 ) 14...a6 ( {Maybe Mamedyarov should have tried:} 14...Re8 15.Qf1 Nh5 16.Bd2 Nhf6 {at least temporarily getting rid of the nasty bishop.} ) ( {Whereas the interesting maneuver:} 14...Nb8 {would have been too slow due to:} 15.Nb5 Nc6 16.Bc7 Qa6 17.a3 {and Black has nothing to move.} ) 15.Rab1 Bb4 16.Bd2 {Lifting the blockade.} 16...e5 {In his younger days Mamedyarov played countless games with his friend and Benoni expert Vugar Gashimov. He certainly knows what kind of a mess he is into, and tries to escape tactically.} ( {There is little to no hope for him instead in the line:} 16...Bxd2 17.Qxd2 Nb8 18.b4 ) 17.Bxb4 $1 {Very consistent play again.} ( {Avoiding the unnecessary complications after:} 17.Nxe5 Nxe5 18.Bxb4 Re8 ) 17...Qxb4 18.Nc2 Qa5 19.Nxe5 {After the burst of activity:} ( 19.b4 $1 {mgiht have been great as well as the pawn is immune:} 19...Qxa2 $2 20.Ra1 Qb2 21.Reb1 Qc3 22.Ra3 ) 19...Re8 20.f4 Nxe5 21.fxe5 Ng4 ( 21...Nd7 22.b4 {changes nothing.} ) 22.b4 $1 {Artemiev cools things off.} ( {But not:} 22.Nxd4 Qb6 23.Qe4 Rd8 ) 22...Qb6 ( {After:} 22...Qc7 {White can grab the second pawn:} 23.Nxd4 ) 23.Qe4 Qh6 ( {Or:} 23...Rxe5 24.Qxd4 {with a solid positional advantage on top of the pawn.} ) 24.h3 Nxe5 25.Qf4 $1 {Another little finesse to discombobulate the black pieces a bit.} ( 25.Qxd4 Bxh3 {is not desirable for White.} ) 25...Qd6 26.Qxd4 Qf6 27.Re3 {Covering everything. Artemiev calculated everything with precision.} 27...Bxh3 28.Rf1 $1 {Two seconds for this winning move.} ( {Rather than:} 28.Bxh3 Nf3+ 29.Rxf3 Qxf3 30.Qf4 Qxd3 {which complicates matters.} ) 28...Qe6 29.Rxe5 $1 {White wins even more material and calmly finishes the game.} 29...Qxe5 30.Qxe5 Rxe5 31.Bxh3 Rae8 32.Bg2 b6 33.Bd5 R8e7 34.Nd4 Rg5 35.Rf3 h5 36.Kf2 g6 37.Nc6 Rd7 38.d4 Kg7 39.Ne5 Re7 40.Bxf7 1-0